La función directiva como profesión (Registro nro. 2642)
[ vista simple ]
| 000 -LEADER | |
|---|---|
| fixed length control field | 01731 a2200217 4500 |
| 001 - CONTROL NUMBER | |
| control field | 36386 |
| 005 - DATE AND TIME OF LATEST TRANSACTION | |
| control field | 20260407155639.0 |
| 008 - FIXED-LENGTH DATA ELEMENTS--GENERAL INFORMATION | |
| fixed length control field | 260407a1966 arg spa d |
| 003 - CONTROL NUMBER IDENTIFIER | |
| control field | AR-UNSa-BCEJYS |
| 040 ## - CATALOGING SOURCE | |
| Original cataloging agency | AR-UNSa-BCEJYS |
| Language of cataloging | spa |
| Transcribing agency | AR-UNSa-BCEJYS |
| 080 ## - UNIVERSAL DECIMAL CLASSIFICATION NUMBER | |
| Universal Decimal Classification number | 658.012.4 |
| Common auxiliary subdivision | Gestión. Dirección. Autoridad. Técnicas y métodos de gestión (gestión del conocimiento, Outsourcing, Benchmarking...) |
| 041 ## - LANGUAGE CODE | |
| Language code of text/sound track or separate title | spa |
| 100 1# - MAIN ENTRY--PERSONAL NAME | |
| Personal name | Allen, Louis A. |
| 245 10 - TITLE STATEMENT | |
| Title | La función directiva como profesión |
| 264 #1 - PRODUCTION, PUBLICATION, DISTRIBUTION, MANUFACTURE, AND COPYRIGHT NOTICE | |
| Place of production, publication, distribution, manufacture | New York : |
| Name of producer, publisher, distributor, manufacturer | McGraw-Hill |
| Date of production, publication, distribution, manufacture, or copyright notice | 1966 |
| 300 ## - PHYSICAL DESCRIPTION | |
| Extent | 357 p. |
| Dimensions | 24 cm. |
| 505 ## - FORMATTED CONTENTS NOTE | |
| Formatted contents note | I.: Jefes y dirigentes: 1. Reto a los dirigentes - 2. La evolución de las agrupaciones - 3. La primera etapa - El grupo céntrico - 4. El periodo de madurez- El grupo rádico - 5. La evolución de los dirigentes - 6. El dirigente profesional - 7. La Labor directiva y la labor operativa - 8. ¿Que es la dirección?¿Una ciencia, una profesión o un arte? - II.: Planificación directiva: 9. Planificación directiva - 11. Pronósticos directivos - 11. Objetivos de la dirección - 12. Programas y cronologías directivas: 16. Organización directiva - 17. Estructura de la organización - 18. Delegación directiva - 19. Relaciones dentro de la organización - IV.: Orientación directiva: 20. Orientación directiva - 21.Decisiones directivas - 22. Motivación directiva - 23.Comunicación directiva - 24. Selección de personal - 25. Adiestramieno de personal - V.: Control directivo: 26. Control directivo - 27. Normas de actuación - 28. Medida de la actuación - 29. Valoración de la actuación - 30. Medidas correctivas de la actuación. |
| 590 ## - LOCAL NOTE (RLIN) | |
| Local note | niveau_biblio:m niveau_hierar:0 |
| 700 1# - ADDED ENTRY--PERSONAL NAME | |
| Personal name | Tcachuk, Alejandra |
| 942 ## - ADDED ENTRY ELEMENTS (KOHA) | |
| Koha item type | |
| Withdrawn status | Lost status | Damaged status | Not for loan | Home library | Current library | Shelving location | Date acquired | Total checkouts | Full call number | Barcode | Date last seen | Price effective from | Koha item type |
|---|---|---|---|---|---|---|---|---|---|---|---|---|---|
| Biblioteca Prof. Eusebio Cleto del Rey | Biblioteca Prof. Eusebio Cleto del Rey | 07/04/2026 | 658.012.4 A425 | L21950 | 07/04/2026 | 07/04/2026 | Libro | ||||||
| Biblioteca Prof. Eusebio Cleto del Rey | Biblioteca Prof. Eusebio Cleto del Rey | 07/04/2026 | 658.012.4 A425 | L21951 | 07/04/2026 | 07/04/2026 | Libro |